000 01464nam a2200385Ia 4500
001 ebr10021694
003 CaPaEBR
006 m u
007 cr cn|||||||||
008 001226r20011997mdua s 001 0 eng d
010 _z 00054964
020 _z080186657X (pbk. : alk. paper)
020 _z0801877784
040 _aCaPaEBR
_cCaPaEBR
035 _a(OCoLC)70754445
050 1 4 _aRC660.4
_b.S28 2001eb
082 0 4 _a616.4/62
_221
100 1 _aSaudek, Christopher D.
245 1 4 _aThe Johns Hopkins guide to diabetes
_h[electronic resource] :
_bfor today and tomorrow /
_cChristopher D. Saudek, Richard R. Rubin, Cynthia S. Shump.
250 _aLarge print ed.
260 _aBaltimore :
_bJohns Hopkins University Press,
_c2001.
300 _axvi, 674 p. :
_bill.
490 1 _aA Johns Hopkins Press health book
500 _aOriginally published: 1997.
500 _aIncludes index.
533 _aElectronic reproduction.
_bPalo Alto, Calif. :
_cebrary,
_d2013.
_nAvailable via World Wide Web.
_nAccess may be limited to ebrary affiliated libraries.
650 0 _aDiabetes
_vPopular works.
650 0 _aDiabetes.
655 7 _aElectronic books.
_2local
700 1 _aRubin, Richard R.
700 1 _aShump, Cynthia S.
710 2 _aebrary, Inc.
830 0 _aJohns Hopkins Press health book.
856 4 0 _uhttp://site.ebrary.com/lib/rucke/Doc?id=10021694
_zAn electronic book accessible through the World Wide Web; click to view
999 _c10379
_d10379